<The> Practice of Management

Saved in:
Bibliographic Details
Main Author: Drucker, Peter F.
Format: Book
Language:English
Published: New York Harper Business 1993
Edition:1. ed.
Subjects:
Tags: Add Tag
No Tags, Be the first to tag this record!

MARC

LEADER 00000nam a2200000 4500
001 c014277
005 20221214083649.5
020 |a 0-88730-613-6 
041 0 |a eng 
044 |a US 
245 1 0 |a <The> Practice of Management  |c Peter F. Drucker 
250 |a 1. ed. 
264 1 |a New York  |b Harper Business  |c 1993 
300 |a 404 s. 
610 2 0 |a riadenie priemyslu 
610 2 0 |a manažment 
610 2 0 |a rozhodovanie 
610 2 0 |a rozhodovanie manažérske 
610 2 0 |a USA 
100 1 |a Drucker, Peter F.